My Top 100 Songs on Spotify - 2025 - Statistics

General Stats
  • This quiz has been taken 44 times
  • The average score is 22 of 100
Answer Stats
song artist % Correct
Abracadabra | Government Hooker | Heavy Metal Lover Lady Gaga
74%
Telephone Lady Gaga, Beyoncé
74%
Be - Acoustic | Hymn to Virgil | Shrike | Too Sweet Hozier
63%
Northern Attitude (with ______) Noah Kahan, Hozier
63%
Dancing In the Dark | I'm On Fire Bruce Springsteen
49%
Spring breakers | Sympathy is a knife | Von dutch Charli xcx
43%
Uma Thurman Fall Out Boy
43%
Anyway | Glue Myself Shut | Howling | +4 others Noah Kahan
37%
Breakin' Dishes Rihanna
34%
Sally, When The Wine Runs Out ROLE MODEL
29%
Backstabber Kesha
23%
Awake My Soul | I Gave You All | Roll Away Your Stone | +5 others Mumford & Sons
23%
Donna | Scotland | Stubborn Love The Lumineers
23%
makes me want you sombr
20%
Never Going Back Again Fleetwood Mac
17%
Bag of Bones | Cursed | Digging Up The Past | +7 others Lord Huron
17%
Who Laughs Last (feat. Kristen Stewart) Lord Huron, Kristen Stewart
17%
Can't Have It All | Curses | Easier | +12 others The Crane Wives
17%
Them Bones Alice In Chains
14%
Burn It to the Ground | Next Go Round | Shakin' Hands | Something in Your Mouth Nickelback
14%
Willow Tree March The Paper Kites
11%
Midas | Silver Wunderhorse
11%
She Burns Foy Vance
9%
Crop Circles Odie Leigh
9%
Sloom Of Monsters and Men
9%
Acolyte Slaughter Beach, Dog
9%
Die Your Daughter Susannah Joffe
9%
Beige Yoke Lore
9%
Batshit Dominic Fike
6%
The Painter and The Chemist Elias Hix
6%
Man On The Moon Kingfishr
6%
When I'm Alone Lissie
6%
Lead, SD Manchester Orchestra
6%
This Will End The Oh Hellos
6%
If I See a Road | Snow Song Blake Rouse
3%
Found (Forever) Caamp
3%
I See | Mama Cam Cole
3%
Bleeding Out Chance Peña
3%
Bows | Cloudy Eyes Covey
3%
Burn It Down Fitz and The Tantrums
3%
Appalachian Moon Kevin Reilly
3%
Not a Runner Momma
3%
Almost Gone My Terrible Friend
3%
Michigan The Milk Carton Kids
3%
The Rain The Suitcase Junket
3%
Nobody Knows Me At All The Weepies, Deb Talan, Steve Tannen
3%
Figure You Out VOILÀ
3%
No matching quizzes found
Score Distribution
Percent of People with Each Score
Percentile by Number Answered
Your Score History
You have not taken this quiz